Drept umanitar /

Saved in:
Bibliographic Details
Main Author: Lupulescu, Nicolae.
Format: Book
Language:Romanian
Published: Bucureşti : C.H. Beck, 2009.
Series:Manuale Beck
Subjects:
Tags: Add Tag
No Tags, Be the first to tag this record!
LEADER 00629nam a2200229 a 4500
001 012831663-2
005 20120828140713.0
008 110719s2009 rm b 000|0 rum d
020 |a 9789731155005 
020 |a 9731155007 
035 0 |a ocn808771913 
040 |a MH-L  |c MH-L 
050 4 |a KZ6471  |b .L87 2009 
100 1 |a Lupulescu, Nicolae. 
245 1 0 |a Drept umanitar /  |c Nicolae Lupulescu. 
260 |a Bucureşti :  |b C.H. Beck,  |c 2009. 
300 |a vii, 278 p. ;  |c 21 cm. 
490 0 |a Manuale Beck 
504 |a Includes bibliographical references (p. [275]-278). 
650 0 |a Humanitarian law. 
988 |a 20110719 
906 |0 MH